Most Appearances Since Sir Alex Left - Statistics

General Stats
  • This quiz has been taken 46 times
  • The average score is 12 of 15
Answer Stats
N Answer Premier League FA Cup League Cup Europe Other Total % Correct
1 David De Gea 265 15 13 41 3 415
100%
5 Marcus Rashford 151 20 14 42 2 229
95%
11 Wayne Rooney 115 12 8 19 157
95%
2 Juan Mata 184 21 11 45 1 262
92%
14 Luke Shaw 103 15 7 23 1 149
92%
13 Phil Jones 177 9 11 19 1 159
89%
4 Anthony Martial 150 21 13 46 1 231
87%
3 Chris Smalling 131 11 13 44 2 238
87%
12 Paul Pogba 115 10 7 35 1 168
84%
6 Jesse Lingard 133 21 15 38 2 209
79%
8 Antonio Valencia 140 11 8 30 3 192
76%
15 Michael Carrick 100 11 10 22 2 145
68%
7 Ashley Young 148 15 8 34 0 205
66%
10 Marouane Fellaini 119 17 7 32 2 177
61%
9 Ander Herrera 132 21 10 24 2 189
58%
No matching quizzes found
Score Distribution
Percent of People with Each Score
Percentile by Number Answered
Your Score History
You have not taken this quiz